| 000 | 01725nam a2200349 a 4500 | ||
|---|---|---|---|
| 001 | BRCA_3214 | ||
| 005 | 20190320204152.0 | ||
| 008 | 270209s1766----enk#---###---#000-0#eng-# | ||
| 041 | _aeng | ||
| 044 | _aenk | ||
| 084 |
_a515 _b.D66 _c1766 |
||
| 100 | 1 |
_aCervantes Saavedra, Miguel de _d1547-1616 _9213 |
|
| 245 | 1 | 0 |
_aThe History of the Renowned Don Quixote de la Mancha _cWritten in Spanish by Miguel de Cervantes Saavedra ; Translated by Several Hands and Published by the Late Mr. Motteux. |
| 260 |
_aEdinburgo _bA. Donaldson _c1766 |
||
| 300 |
_a4 v. _c17 cm. |
||
| 500 | _aContenido : v.1. Primera parte. Noticia sobre el autor. Prólogo de Cervantes. -- v.2. Primera parte. Texto. -- v.3. Segunda parte. Prólogo de Cervantes. -- v.4. Segunda parte. Texto | ||
| 500 | _aEdición : Revised a new from the Best Spanish Edition by Mr. Ozell. With Explanatory Notes from Jarvis, Oudin, Sobrino, Pinedo, Gregorio, the Royal Academi of Madrid, etc. | ||
| 500 | _aReimpresión de la traducción de Motteux, revisada por Ozell, públicada en 1757, por Foulis. Piel. Lúdovik Osterc | ||
| 500 | _aEstado físico : Encuadernación desprendida | ||
| 500 | _aQM770 | ||
| 546 | _aTexto en : inglés | ||
| 650 | 1 | 4 |
_aNovela española _yÉpoca clásica, 1500-1700 _9215 |
| 650 | 1 | 4 |
_aLiteratura española _yÉpoca clásica, 1500-1700 _9216 |
| 650 | 1 | 4 |
_aNovela española _ySiglo XVII _9217 |
| 650 | 1 | 4 |
_aDon Quijote (Personaje ficticio) _eNovela _9218 |
| 700 | 1 |
_aMotteux, Peter Anthony _d1663-1718 _eTraductor _98597 |
|
| 700 | 1 |
_aOzell, John _d?-1743 _eAnotador _98598 |
|
| 700 | 1 |
_aJarvis, Charles _d?-1739 _eTraductor _98599 |
|
| 740 | 0 | _aEl Ingenioso Hidalgo Don Quijote de la Mancha | |
| 902 | _aQFM | ||
| 942 |
_2lcc _cB |
||
| 999 |
_c2950 _d2950 |
||